Guidance to the Mortgage Repossessions (Protection of Tenants etc) Act 2010 (Record no. 111204)

MARC details
000 -LEADER
fixed length control field 01313cad a22002295a 4500
001 - CONTROL NUMBER
control field L151170
008 - FIXED-LENGTH DATA ELEMENTS--GENERAL INFORMATION
fixed length control field 101005s2010 xxk f 000 0 eng d
020 ## - INTERNATIONAL STANDARD BOOK NUMBER
International Standard Book Number 9781409825746
035 ## - SYSTEM CONTROL NUMBER
System control number (Sirsi) u151170
041 0# - LANGUAGE CODE
Language code of text/sound track or separate title eng
050 04 - LIBRARY OF CONGRESS CALL NUMBER
Classification number 306.1 $2 18
110 2# - MAIN ENTRY--CORPORATE NAME
Corporate name or jurisdiction name as entry element United Kingdom
Subordinate unit Department for Communities and Local Government
9 (RLIN) 4939
245 00 - TITLE STATEMENT
Title Guidance to the Mortgage Repossessions (Protection of Tenants etc) Act 2010
Medium [electronic resource]
260 ## - PUBLICATION, DISTRIBUTION, ETC.
Place of publication, distribution, etc. London
Name of publisher, distributor, etc. DCLG
Date of publication, distribution, etc. 2010
520 ## - SUMMARY, ETC.
Summary, etc. Guidance for lenders, landlords and tenants of their rights and responsibilities under the Mortgage Repossessions (Protection of Tenants etc) Act 2010 which came into force on 1 October 2010. Gives unauthorised tenants the right to request a delay to eviction for of up to two months if their landlord (the mortgage-holder) falls into arrears with their mortgage payments and the lender (the mortgagee) commences possession proceedings.
590 ## - LOCAL NOTE (RLIN)
Local note KA NTK
650 24 - SUBJECT ADDED ENTRY--TOPICAL TERM
Topical term or geographic name entry element MORTGAGE REPOSSESSIONS (PROTECTION OF TENANTS ETC) ACT 2010
650 24 - SUBJECT ADDED ENTRY--TOPICAL TERM
Topical term or geographic name entry element DWELLING HOUSES (EXECUTION OF POSSESSION ORDER BY MORTGAGEES) REGULATIONS 2010
651 #4 - SUBJECT ADDED ENTRY--GEOGRAPHIC NAME
Geographic name ENGLAND AND WALES
856 40 - ELECTRONIC LOCATION AND ACCESS
Uniform Resource Identifier <a href="https://www.communities.gov.uk/documents/housing/pdf/1729687.pdf">https://www.communities.gov.uk/documents/housing/pdf/1729687.pdf</a>
Public note View this item free of charge at www.communities.gov.uk
942 ## - ADDED ENTRY ELEMENTS (KOHA)
Suppress in OPAC 0
Holdings
Withdrawn status Lost status Source of classification or shelving scheme Damaged status Not for loan Home library Current library Shelving location Date acquired Total Checkouts Full call number Barcode Date last seen Copy number Price effective from Koha item type
    Dewey Decimal Classification     Virtual Virtual Online 05/10/2010   ONLINE PUBLICATION 151170-2001 06/08/2019 1 06/08/2019 Book